000
00326nam a2200133Ia 4500
003
GCL
008
140319s9999 xx 000 0 ara d
040
_a
GCL /
_c
GCL
082
0
4
_a
813.9
_b
هـ م
100
1
_a
هالة البدرى
245
1
0
_a
منتهى: رواية /
_c
هالة البدرى
300
_a
247 ص
490
_a
999
_c
37838
_d
37838